Fast Typing A-Z - Statistics

General Stats
  • This quiz has been taken 137 times
  • The average score is 23 of 26
Answer Stats
Alphabet % Correct
E
100%
A
98%
C
98%
D
98%
F
98%
B
97%
G
95%
H
94%
I
94%
J
90%
K
90%
L
90%
Q
90%
O
87%
W
87%
M
85%
N
85%
P
85%
R
85%
S
85%
T
85%
U
84%
V
82%
Y
82%
X
81%
Z
79%
No matching quizzes found
Score Distribution
Percent of People with Each Score
Percentile by Number Answered
Your Score History
You have not taken this quiz